Принц и нищий: Повесть: пер. с англ.
| 1. Verfasser: | |
|---|---|
| Sprache: | Russisch |
| Veröffentlicht: |
Москва, Оникс, 2001
|
| Schriftenreihe: | Золотая библиотека |
| Schlagworte: | |
| Format: | Buch |
| KOHA link: | https://koha.lib.tpu.ru/cgi-bin/koha/opac-detail.pl?biblionumber=29653 |
MARC
| LEADER | 00000nam0a2200000 4500 | ||
|---|---|---|---|
| 001 | 29653 | ||
| 005 | 20231030203557.0 | ||
| 010 | |a 524900458X | ||
| 035 | |a (RuTPU)RU\TPU\book\29919 | ||
| 035 | |a BOOK00000001 | ||
| 090 | |a 29653 | ||
| 100 | |a 20011209d2001 u y0rusy50 ca | ||
| 101 | 0 | |a rus | |
| 102 | |a RU | ||
| 105 | |a a 000ay | ||
| 200 | 1 | |a Принц и нищий |e Повесть: пер. с англ. |f М. Твен | |
| 210 | |a Москва |c Оникс |d 2001 | ||
| 215 | |a 304 с. |c ил. | ||
| 225 | 1 | |a Золотая библиотека | |
| 610 | 1 | |a повести | |
| 675 | |a 82 |v 3 | ||
| 700 | 1 | |a Твен |g Марк | |
| 801 | 0 | |a RU |b 63413507 |c 20011209 |g PSBO | |
| 942 | |c BK | ||